000 00311cam a22001217a 4500
008 180718b1965 xxu||||| |||| 00| 0 eng d
082 _aA99 Z92
100 _aZweig, Ferdynand
245 _aQuest for fellowship
_cby Ferdynand Zweig
260 _aLondon
_bHeinemann
_c1965
300 _a296p
650 _aSociology.
999 _c416181
_d416181